| 000 | 00565nam a2200169 a 4500 | ||
|---|---|---|---|
| 082 |
_a297.43 _bALG _cL31,P-94 |
||
| 100 | 1 |
_aGhazali, Abu Hamid Muhammad _937437 |
|
| 245 | 1 |
_aAl-Ghazali inner dimensions of the Islamic worship _ctranslated by Muhtar holland |
|
| 260 |
_aRawalpindi: _bservice Book club , _c1988 |
||
| 300 | _a142p. | ||
| 526 |
_a0 _b0 _c0 _d297_430000000000000_ALG |
||
| 526 |
_a0 _b0 _c0 _d297_430000000000000_ALG |
||
| 526 |
_a0 _b0 _c0 _d297_430000000000000_ALG |
||
| 526 |
_a0 _b0 _c0 _d297_430000000000000_ALG |
||
| 650 | 0 |
_aMCE _9379 |
|
| 942 |
_2ddc _cBK |
||
| 999 |
_c542297 _d542297 |
||